000 00720cab a2200229 4500
001 WB3408-39
008 090401t1998 xxu||||| |||| 00| 0 eng d
035 _a(Sirsi) u84493
041 _aeng
245 _aNew business rates to take effect from 1 April
260 _c1998
350 _a0
490 _aScottish Office News Release
_v(0301/98) 18 February 1998 (1)
520 _aThe Government has announced that the revaluation of non-domestic property rates in Scotland will come into effect on 1 April 2000.
650 _aBUSINESS RATES
650 _aRATES REVALUATION
650 _aRATING REVALUATION 2000
650 _aSCOTLAND
690 _aRATING AND VALUATION
942 _n0
948 _c25/02/1998
999 _c53095
_d53095